El Liangong en 18 ejercicios

-д хадгалсан:
Номзүйн дэлгэрэнгүй
Формат: Ном
Хэл сонгох:испани
Хэвлэсэн: Beijing Lenguas Extranjeras 1985
Цуврал:Colección Artes Marciales de China
Нөхцлүүд:
Шошгууд: Шошго нэмэх
Шошго байхгүй, Энэхүү баримтыг шошголох эхний хүн болох!

MARC

LEADER 00000nam a2200000 a 4500
001 UCW3911
003 CL-VaPUC
008 890602e19850000CH |||||||||||||||||spa|d
082 0 4 |a 615.824  |b LIA  |2 21 
245 1 3 |a El Liangong en 18 ejercicios 
300 |a 111 p 
942 |c BK 
945 |d 19890602 00:00:00 
260 |a Beijing  |b Lenguas Extranjeras  |c 1985 
650 7 |a LIANGONG  |2 CL-VaPUC  |9 308340 
650 7 |a GIMNASIA TERAPEUTICA  |2 CL-VaPUC  |9 308341 
583 |a last modification  |c 19890602 00:00:00  |k Rodrigo Vera 
490 0 |a Colección Artes Marciales de China 
999 |c 217768  |d 217766 
952 |0 0  |1 0  |4 0  |6 615_824000000000000_LIA_1985  |7 0  |8 P  |9 205995  |a BIBEDU  |b BIBEDU  |c BIBEDU_PB  |d 2019-11-15  |i 2739518  |o 615.824 LIA 1985  |p 2739518  |r 2019-11-15  |w 2019-11-15  |y BK  |k EDU